000 00280nam a22001337a 4500
008 170802b xxu||||| |||| 00| 0 eng d
020 _a9780230527164
041 _aeng
080 _a004
100 _a32
101 _aSHK
245 _aPRINT IS DEAD
_cGOMEZ,J
942 _2udc
_cBK
999 _c22506
_d22506